Developing critical thinkers : challenging adults to explore alternative ways of thinking and acting /

Bibliographic Details
Main Author: Brookfield, Stephen
Format: Book
Language:English
Published: San Francisco : Jossey-Bass, 1987.
Edition:1st ed.
Series:Jossey-Bass management series.
Jossey-Bass higher education series.
Subjects:

MARC

Tag First Indicator Second Indicator Subfields
LEADER 00000cam a2200000 a 4500
001 in00000011417
005 20151007052047.0
008 870601s1987 cau b 00110 eng d
010 |a  87045411  
020 |a 1555420559 (alk. paper) 
035 |a (OCoLC)16005601 
035 |9 AAA6098AM 
040 |a DLC  |c DLC  |d TXA  |d UtOrBLW 
049 |a TXAM  |c 1 [A12638581], 2 [A12991777] 
050 0 0 |a BF441  |b .B79 1987 
100 1 |a Brookfield, Stephen. 
245 1 0 |a Developing critical thinkers :  |b challenging adults to explore alternative ways of thinking and acting /  |c Stephen D. Brookfield. 
250 |a 1st ed. 
264 1 |a San Francisco :  |b Jossey-Bass,  |c 1987. 
300 |a xvi, 293 pages ;  |c 24 cm. 
336 |a text  |b txt  |2 rdacontent 
337 |a unmediated  |b n  |2 rdamedia 
338 |a volume  |b nc  |2 rdacarrier 
490 1 |a The Jossey-Bass management series 
490 1 |a Jossey-Bass higher education series 
500 |a Series statements from jacket. 
504 |a Includes bibliographical references and indexes. 
650 0 |a Critical thinking. 
650 0 |a Critical thinking  |x Study and teaching. 
650 0 |a Psychology, Applied. 
830 0 |a Jossey-Bass management series. 
830 0 |a Jossey-Bass higher education series. 
999 |a MARS 
999 f f |s 982b7b8d-e765-3f28-961e-936cae22c621  |i f5e9185c-ccf7-3f3f-85cf-5b08c573f52b  |t 0 
952 f f |p normal  |a Texas A&M University  |b College Station  |c Sterling C. Evans Library  |d Evans: Library Stacks  |t 0  |e BF441 .B79 1987  |h Library of Congress classification  |i unmediated -- volume  |m A14823539863 
998 f f |a BF441 .B79 1987  |t 0  |l Evans: Library Stacks